000 00804nam a2200217Ia 4500
003 GCL
005 20240530105334.0
008 140319s9999 xx 000 0 ara d
040 _aGCL /
_cGCL
082 0 4 _a361.8
_bا ط
100 1 _aاحمد مصطفى خاطر
245 1 0 _aطريقة تنظيم المجتمع: مدخل تنمية المجتمع المحلى استراتيجيات وادوار المنظم الاجتماعى /
_cاحمد مصطفى خاطر
260 _a[S.N] :
_bالمكتبة الجامعيةالحديثة
300 _a336
650 0 4 _aتنظيم المجتمع
650 0 4 _aخدمة الفرد
650 0 4 _aالخدمة الاجتماعية
650 0 4 _aخدمة الجماعة
650 0 4 _aالانثربولوجيا التطبيقية
942 _2ddc
_cBK
999 _c55080
_d55080